Statistiques concernant Nommez un département français valide n°2

Cliquez ici pour prendre le quiz!

Statistiques générales

  • Ce quiz a été pris 7 371 fois
  • Le résultat moyen est 10 sur 18

Statistiques - réponses

Nommez un département...Réponses possibles% Correct
...de la région Hauts-de-FranceAisne | Nord | Oise | Pas-de-Calais | Somme
81%
...dans l'Océan IndienMayotte | La Réunion
80%
...plus petit que MalteParis | Hauts-de-Seine | Seine-Saint-Denis | Val de Marne
79%
...traversé par la Dordogne (Dordogne exclue)Puy-de-Dôme | Cantal | Corrèze | Lot | Gironde
73%
...avec une altitude maximale supérieure
à 4 000m
Haute-Savoie | Hautes-Alpes | Isère
71%
...où Marine Le Pen a obtenu la majorité des suffrages au second tour en 2017Aisne | Pas-de-Calais
65%
...dont le nom commence par "B"Bas-Rhin | Bouches-du-Rhône
63%
...complètement à l'Ouest de l'EspagneGuyane | Guadeloupe | Martinique
61%
...ayant accueilli les Jeux Olympiques d'hiverHaute-Savoie | Isère | Savoie
59%
...avec un PIB/habitant supérieur à 40 000 €Paris | Hauts-de-Seine | Yvelines
56%
...dont la préfecture commence par "G"Hautes-Alpes | Creuse | Isère
53%
...où vécut Napoléon Ier (Paris exclu)Corse-du-Sud | Drôme | Côte-d'Or | Bouches-du-Rhône | Var | Alpes-Maritimes | Seine-et-Marne
50%
...avec exactement une frontière départementaleCorse-du-Sud | Haute-Corse
42%
...deviné moins de la moitié du temps
au quiz des départements
Haute-Saône | Haute-Vienne | Maine-et-Loire |
Deux-Sèvres | Orne | Nièvre | Yonne | Haute-Marne
39%
...avec plus de la moitié de son territoire couvert par des forêtsGuyane | Corse-du-Sud | Landes | Var | La Réunion | Alpes-Maritimes
36%
...frontalier du LuxembourgMoselle | Meurthe-et-Moselle
36%
...où est né un Président de la IVème RépubliqueSeine-Maritime | Haute-Garonne
12%
...avec plus de 50 AOP/AOCCôte-d'Or | Saône-et-Loire | Yonne | Bas-Rhin | Haut-Rhin
8%

Distribution des résultats

Percentile par nombre de réponses

% des personnes avec chaque résultat

Votre développement - résultats

Vous n’avez pas pris ce quiz